The best Youtuber by country - Statistics

General Stats
  • This quiz has been taken 50 times
  • The average score is 3 of 10
Answer Stats
Country Subscribers Youtuber Type of videos % Correct
USA 270 M MrBeast Entertainment
95%
Sweden 111 M PewDiePie Entertainment
67%
India 266 M T-Series Music
60%
Canada 73 M Justin Bieber Music
33%
South Korea 93 M BlackPink Music
26%
France 19 M Tibo InShape Sport
19%
United Kingdom 54 M Ed Sheeran Music
12%
Russia 118 M Vlad and Niki Entertainment
12%
Cyprus 80 M 5-Minute Crafts How to ?
7%
Italy 50 M PandaBoi Entertainment
7%
No matching quizzes found
Score Distribution
Percent of People with Each Score
Percentile by Number Answered
Your Score History
You have not taken this quiz